01111nam a2200253Ia 450000500170000000800410001708200210005811000450007924501380012425000190026230000490028161000820033065000300041265000420044265000470048494200130053126400440054433600270058833700330061533800280064804000350067699900150071195201310072620220317001241.0160825s1997 ck a g 000 0 spa 04aR 708.074bB15ch2 aBanco de la República. Bogotá92078510aChocó en la cartografía históricabde territorio incierto a departamento de un país llamado ColombiacBanco de la República a1a. edición  a16 páginas bilustraciones, mapas c20 cm 2 aBiblioteca Luis Ángel Arango (Bogotá)vExposiciones vCatálogos 9682241 2LEMBaArtevExposiciones 1 2LEMB aMapas antiguos vExposiciones 1 2LEMB aCanales marítimos vExposiciones  2ddccREF aBogotábBanco de la Repúblicac1997 atextobtxt2rdacontent asin mediaciónbn2rdamedia avolumenbnc2rdacarrier aCO-BoRNBPbspaerdacCO-BoRNBP c6387d6387 00102ddc40708GENaMEDORADObMEDORADOcREFd2023-02-09l0oR 708.074 pDOR01201r2023-02-09 00:00:00tEj.1w2023-02-09yREF